000 00667nam a22001817a 4500
003 CEME
005 20210628202521.0
008 210209b xxu||||| |||| 00| 0 eng d
020 _a0-19-514896-7
040 _c.
082 _a620 FUN
100 _aArterburn, David R Newnan, Donald G
_960272
245 _aFundamentals of engineering examination review
260 _aNEW YORK
_bOXFORD UNIVERSITY PRESS
_c2002
300 _aXV,908P
650 _aFLUID MECHANICS; MECHANICS OF MATERIALS; DYNAMICS; STATICS; PROBABILITY AND STATISTICS; COMPUTERS; DIFFERENTIAL EQUATIONS; CALCULUS; LINEAR ALGEBRA; ANALYTIC GEOMETRY; PRECALCULUS
_960273
942 _cBK
_2ddc
999 _c570045
_d570045